Introduction to Design and Analysis / A Student's Handbook (Record no. 212)
[ view plain ]
| 000 -LEADER | |
|---|---|
| fixed length control field | 01488cam a22002294a 4500 |
| 005 - ΗΜΕΡΟΜΗΝΙΑ ΚΑΙ ΩΡΑ ΤΕΛΕΥΤΑΙΑΣ ΕΝΗΜΕΡΩΣΗΣ | |
| Πεδίο ελέγχου | 20250605163928.0 |
| 008 - FIXED-LENGTH DATA ELEMENTS--GENERAL INFORMATION | |
| Πεδίο ελέγχου σταθερού μήκους | 250528s ||||||||||||||||||||||||d |
| 035 ## - SYSTEM CONTROL NUMBER | |
| System control number | 14588 |
| 020 ## - ISBN | |
| ISBN | 716723212 |
| 040 ## - ΠΗΓΗ ΚΑΤΑΛΟΓΟΓΡΑΦΗΣΗΣ | |
| Φορέας πρωτότυπης καταλογογράφησης | MC Athens Campus Library |
| Γλώσσα καταλογογράφησης | Ελληνικά, Μοντέρνα (1453-) |
| Modifying agency | MC Athens Campus Library |
| Κανόνες περιγραφικής καταλογογράφησης | AACR2 |
| 245 1# - ΤΙΤΛΟΣ ΚΑΙ ΔΗΛΩΣΗ ΥΠΕΥΘΥΝΟΤΗΤΑΣ | |
| Τίτλος | Introduction to Design and Analysis / A Student's Handbook |
| 250 ## - EDITION STATEMENT | |
| Edition statement | 2nd |
| 260 ## - PUBLICATION, DISTRIBUTION, ETC. | |
| Name of publisher, distributor, etc. | W. H. Freeman And Company, |
| Date of publication, distribution, etc. | 1998 |
| 300 ## - PHYSICAL DESCRIPTION | |
| Extent | 628 |
| 520 ## - SUMMARY, ETC. | |
| Summary, etc. | Experimental Design and Preliminary Data Analysis, Introduction to Experimental Design, Preliminary Data Analysis, The Analysis of Single-Factor Experiments, The Logic of Hypothesis Testing, Calculating the F Ratio, Evaluating the F Ratio, Analytical Comparisons in the Single-Factor Design, Estimating Population Means and Effect Size, Errors of Hypothesis Testing and Statistical Power, The Analysis of Factorial Design, Introduction to the Analysis of Factorial Experiments, Analytical Comparisons in the Factorial Design, The Analysis of Within-Subject Designs, The Single-Factor Within-Subjects Design, The Mixed Within-Subjects Factorial Design, The Two-Factor Within-Subjects Design, Additional Statistical Procedures, The Analysis of Categorical Data, Correlation and Regression, Additional Topics, Appendices, Glossary: Significant Terms and Concepts, References, Author and Subject Index. |
| 700 1# - ΠΡΟΣΘΕΤΗ ΑΝΑΓΡΑΦΗ--ΦΥΣΙΚΟ ΠΡΟΣΩΠΟ | |
| Personal name | Keppel Geoffrey |
| 9 (RLIN) | 305 |
| 700 1# - ΠΡΟΣΘΕΤΗ ΑΝΑΓΡΑΦΗ--ΦΥΣΙΚΟ ΠΡΟΣΩΠΟ | |
| Personal name | Saufley William H |
| 9 (RLIN) | 306 |
| 700 1# - ΠΡΟΣΘΕΤΗ ΑΝΑΓΡΑΦΗ--ΦΥΣΙΚΟ ΠΡΟΣΩΠΟ | |
| Personal name | Tokunaga Howard |
| 9 (RLIN) | 307 |
| 942 ## - ADDED ENTRY ELEMENTS (KOHA) | |
| Koha item type | Books |
| Τύπος τεκμηρίου | Βιβλιοθήκη | Τρέχουσα τοποθεσία | Barcode | Αριθμός εισαγωγής | Ημερομηνία απόκτησης | Ταξιθετικό σύμβολο | Αριθμός αντιτύπου | Κατάσταση απόσυρσης | Κατάσταση χαμένου | Κατάσταση κατεστραμμένου | Μη δανεισμός | Σύνολο δανεισμών | Ημερομηνία τελευταίας εμφάνισης | Η τιμή ισχύει από |
|---|---|---|---|---|---|---|---|---|---|---|---|---|---|---|
| Books | MC Athens Campus Library | MC Athens Campus Library | 9780000002112 | 249 | 05/06/2025 | 150/.724 KEP | 1 | 05/06/2025 | 05/06/2025 |